Manual de herramientas para la intervención con comunidades pesqueras y acuícolas

Gespeichert in:
Bibliographische Detailangaben
Hauptverfasser: Vásquez Cruz, Olga del Pilar (VerfasserIn), Montenegro Penagos, Myriam Janeth (VerfasserIn)
Format: Buch
Sprache:Spanisch
Veröffentlicht: Bogotá INPA 1999
Schriftenreihe:Trabajando por Nuestra Colombia Pesquera
Schlagworte:
Tags: Tag hinzufügen
Keine Tags, Fügen Sie den ersten Tag hinzu!

MARC

LEADER 00000nam a2200000 a 4500
001 UCM1773
003 CL-VaPUC
008 020412e19990000CK |||||||||||||||||spa|d
082 0 4 |a 639.3  |b VAS  |2 21 
100 0 |a Vásquez Cruz, Olga del Pilar  |e author  |9 468607 
700 0 |a Montenegro Penagos, Myriam Janeth  |e author  |9 468608 
245 1 0 |a Manual de herramientas para la intervención con comunidades pesqueras y acuícolas 
300 |a 177 p 
942 |c BK 
945 |d 20020412 00:00:00  |a cmena 
260 |a Bogotá  |b INPA  |c 1999 
650 7 |a PISCICULTURA  |2 CL-VaPUC  |9 259974 
650 0 |a Proyectos de inversión   |9 261065 
650 0 |a Acuicultura  |9 258883 
650 0 |a Desarrollo económico y social   |9 256320 
651 0 |a Colombia  |9 256424 
583 |a last modification  |c 20170406 02:35:36  |k Rodrigo Vera 
490 0 |a Trabajando por Nuestra Colombia Pesquera 
999 |c 300012  |d 300010 
952 |0 0  |1 0  |4 0  |6 639_300000000000000_VAS_1999  |7 0  |8 CCM  |9 357285  |a BIBCUR  |b BIBCUR  |d 2019-11-21  |i 3807983  |o 639.3 VAS 1999  |p 3807983  |r 2025-04-22  |w 2019-11-21  |y BK  |k CIM